|
|
|
|
| LEADER |
00000nab#a22000007a#4500 |
| 001 |
arbauad002788 |
| 003 |
AR-BaUAD |
| 005 |
20250711110530.0 |
| 008 |
930831|||||||||###||||||b###|0###a|spa|| |
| 040 |
|
|
|a AR-BaUAD
|c AR-BaUAD
|b spa
|
| 100 |
|
|
|a Tervasio, Marcela
|
| 245 |
|
|
|a Municipio y representación local en el sistema político argentino de la segunda mitad del siglo XIX /
|c Marcela Tervasio;
|
| 653 |
|
|
|a POLITICA
|
| 653 |
|
|
|a HISTORIA
|
| 653 |
|
|
|a SIGLO XIX
|
| 773 |
0 |
|
|t ANALES DEL INSTITUTO DE ARTE AMERICANO E INVESTIGACIONES ESTÉTICAS
|g no. 27-28 [1989-1991], p. 56-64
|
| 856 |
4 |
|
|u http://www.iaa.fadu.uba.ar/publicaciones/anales/Anales_27_28.pdf
|
| 942 |
|
|
|c ARTI
|
| 952 |
|
|
|0 0
|1 0
|4 0
|7 0
|9 47708
|a AR-BAuAD
|b AR-BAuAD
|d 2025-07-11
|l 0
|p AAQA002788
|r 2025-07-11 11:05:30
|w 2025-07-11
|y ARTI
|
| 990 |
|
|
|a H198
|b TD
|
| 990 |
|
|
|a H199
|b TD
|
| 998 |
|
|
|a AAQ
|b BIBUN76
|
| 999 |
|
|
|c 27381
|d 27381
|